000 01263cam a22003617a 4500
003 CHAP
005 20220329142551.0
008 011129d2001 mx r 00110 spa d
010 _a85038
011 _a86010
035 _a96548
040 _cCHAP
090 _aTesis
100 0 0 _aGonzález Galindo, Fidelia.
_948914
245 1 0 _aVaina de mezquite como suplemento para ovinos alimentados con paja de cebada
_c/por Fidelia González Galindo
260 _aChapingo, Méx. :
_bEl autor,
_c2001.
300 _a27 h.
502 _aTesis (Ing. Agr. Esp. en Zootecnia) -- UACH. Departamento de Zootecnia
590 _aALEPH
_b10
_c20130110
_lUCH01
_h1444
590 _aBATCH-UPD
_b10
_c20130110
_lUCH01
_h0532
590 _aBATCH-UPD
_b10
_c20130110
_lUCH01
_h2234
590 _aBATCH-UPD
_b10
_c20130410
_lUCH01
_h0212
590 _aBATCH-UPD
_b10
_c20130914
_lUCH01
_h1518
590 _aCONVERSION
_b10
_c20130109
_lUCH01
_h1347
650 1 4 _aGanado lanar
_xAlimentación.
_945153
650 1 4 _aMezquite como forraje.
_975380
650 1 4 _aPaja de cebada.
_984774
901 _aBK
905 _aMayto Villalobos S.
942 _cFOLL
949 _aTesis
_bBC
_cTES
_d33724000858353
_eTS2
_fc.2
_h38620
_i96548
_si
949 _aTesis
_bBC
_cTES
_d965481
_eTS1
_h38619
_i96548
_sb
999 _c85038
_d85038